Sports Quiz

Random Sports or Baseball Quiz

20 Baseball Players who wore jersey #29 Quiz Stats

Quiz not verified by Sporcle

Challenge
Share
Tweet
Score 0/20 Timer 05:00
0 Plays Today
% Correct
John Smoltz
95%
Rod Carew
79.3%
Adrian Beltre
65%
Fred McGriff
38.6%
Mickey Lolich
37.1%
Bret Boone
37.1%
Dan Quisenberry
36.4%
Tim Wallach
33.6%
Jesse Barfield
32.9%
Ken Singleton
32.1%
% Correct
Mike Sweeney
32.1%
Alex Trevino
26.4%
Andre Thornton
25.7%
Chris Bosio
23.6%
Keith Foulke
21.4%
Felipe Alou
21.4%
Jim 'Catfish' Hunter
18.6%
Denny Walling
11.4%
Curt Young
10.7%
Stan Lopata
5.7%

You're not logged in!

Compare scores with friends on all Sporcle quizzes.
Join for Free
OR
Log In

You Might Also Like...

Show Comments

Extras

Top Quizzes Today


Score Distribution

Your Account Isn't Verified!

In order to create a playlist on Sporcle, you need to verify the email address you used during registration. Go to your Sporcle Settings to finish the process.

Report this User

Report this user for behavior that violates our Community Guidelines.

Details: